| 000 | 00523nam a2200157 i 4500 | ||
|---|---|---|---|
| 001 | 55249 | ||
| 003 | ES-MaACL | ||
| 007 | t| | ||
| 008 | 030916s1975 sp ||||1| spa d | ||
| 100 | 1 |
_aDemaris, Ovid. _943625 |
|
| 245 | 1 | 0 |
_aLuchy Luciano _b: rey de las drogas y de la prostitución / _cOvid Demaris ; [traducción Pedro Baquedano]. |
| 260 |
_aBarcelona : _bPaneuripea de Ediciones y Public, _c[1975] |
||
| 300 |
_a126 p. : _bil. ; _c23 cm. |
||
| 700 | 1 |
_aBaquedano, Pedro. _925255 |
|
| 852 |
_aES-MaACL _jE-9453 _bR.93910 |
||
| 999 |
_c55249 _d55249 |
||